Calculus of finite differences (E-BOOK) (Record no. 191634)
[ view plain ]
| 000 -LEADER | |
|---|---|
| fixed length control field | 00875 a2200181 4500 |
| 003 - CONTROL NUMBER IDENTIFIER | |
| control field | Nust |
| 005 - DATE AND TIME OF LATEST TRANSACTION | |
| control field | 20170207154020.0 |
| 020 ## - INTERNATIONAL STANDARD BOOK NUMBER | |
| International Standard Book Number | 0828400334 |
| 040 ## - CATALOGING SOURCE | |
| Transcribing agency | Nust |
| 082 ## - DEWEY DECIMAL CLASSIFICATION NUMBER | |
| Classification number | 515 |
| 100 ## - MAIN ENTRY--PERSONAL NAME | |
| Personal name | Jordan, Charles |
| 245 ## - TITLE STATEMENT | |
| Title | Calculus of finite differences (E-BOOK) |
| Statement of responsibility, etc. | Charles Jordan |
| 260 ## - PUBLICATION, DISTRIBUTION, ETC. | |
| Place of publication, distribution, etc. | New York |
| Date of publication, distribution, etc. | 1965 |
| 300 ## - PHYSICAL DESCRIPTION | |
| Extent | 672 p. |
| 505 ## - FORMATTED CONTENTS NOTE | |
| Formatted contents note | On Operations. (Page-1), Functions Important In The Calculus Of Finite Differences (Page-45), Inverse Operation Of Differences And Means. Sums (Page-100), Stirling’s Numbers (Page-142),Bernoulli Polynomials And Numbers (Page-230), Expansion Of Functions, Interpolation, Construction Of Tables (Page-355), Numerical Resolution Of Equations (Page-),486 Functions Of Several Independent Variables (Page-530), Difference Equations (Page-543), Equations Of Partial Differences (Page-603). |
| 650 ## - SUBJECT ADDED ENTRY--TOPICAL TERM | |
| Topical term or geographic name entry element | Calculus |
| 651 ## - SUBJECT ADDED ENTRY--GEOGRAPHIC NAME | |
| Geographic name | E-BOOK |
| 942 ## - ADDED ENTRY ELEMENTS (KOHA) | |
| Source of classification or shelving scheme | |
| Koha item type | Book |
| Withdrawn status | Lost status | Source of classification or shelving scheme | Damaged status | Not for loan | Collection code | Permanent Location | Current Location | Date acquired | Total Checkouts | Full call number | Barcode | Date last seen | Price effective from | Koha item type |
|---|---|---|---|---|---|---|---|---|---|---|---|---|---|---|
| Military College of Signals (MCS) | Military College of Signals (MCS) | 12/12/2016 | 515 JOR | MCSEB-870 | 12/08/2016 | 12/12/2016 | Book |
